[Event "45th IT Bosna 2015"]
[Site "Sarajevo"]
[Date "2015.06.04"]
[Round "8.52"]
[White "Can, Isil"]
[Black "Lakota, Izet"]
[Result "1/2-1/2"]
[WhiteElo "1692"]
[BlackElo "1790"]
[PlyCount "96"]
[EventDate "2015.05.30"]

1. e4 d5 2. exd5 Qxd5 3. Nc3 Qd8 4. d4 g6 5. Nf3 Bg7 6. Be3 Nf6 7. Bc4 Nc6 8.
O-O O-O 9. Qd2 Bg4 10. Be2 a6 11. Rfe1 Re8 12. Ne5 Bd7 13. Rad1 Qc8 14. Bf3 Rd8
15. Bxc6 Bxc6 16. Bh6 Bxh6 17. Qxh6 Ng4 18. Nxc6 Nxh6 19. Nxe7+ Kg7 20. Nxc8
Raxc8 21. Ne4 b6 22. c3 Rd7 23. Ng3 Ng8 24. Rd3 Rcd8 25. Rde3 Kf8 26. Ne4 h6
27. Kf1 Rd5 28. g4 f5 29. Rf3 Ne7 30. Ng3 c5 31. gxf5 gxf5 32. Ne2 cxd4 33.
Nxd4 R8d6 34. Rfe3 Ng6 35. Re6 Nh4 36. Rxd6 Rxd6 37. Re5 Rf6 38. f3 Kf7 39. Kf2
Ng6 40. Ne2 Rd6 41. Nd4 Kf6 42. Re8 Kf7 43. Re5 Kf6 44. Re8 Kf7 45. Rc8 Ne5 46.
Ke2 f4 47. Rc7+ Kf8 48. b3 Rg6 1/2-1/2

[Event "45th IT Bosna 2015"]
[Site "Sarajevo"]
[Date "2015.06.04"]
[Round "8.54"]
[White "Tomic, Jelena"]
[Black "Johnen, Franz"]
[Result "0-1"]
[WhiteElo "1333"]
[BlackElo "1717"]
[PlyCount "94"]
[EventDate "2015.05.30"]

1. e4 c5 2. c3 d6 3. d4 Nc6 4. d5 Nb8 5. c4 Nf6 6. Nc3 a6 7. Bd3 Bg4 8. Nge2 e5
9. Be3 Be7 10. O-O O-O 11. Qd2 h6 12. f4 Nbd7 13. f5 Nh7 14. Ng3 Bh4 15. Nge2
Bg5 16. h3 Bxe2 17. Nxe2 Bxe3+ 18. Qxe3 Qg5 19. Qf3 Ndf6 20. Ng3 h5 21. Kh2 h4
22. Ne2 Qh6 23. Rg1 Qd2 24. Rgd1 Qxb2 25. Rdb1 Qd2 26. Rd1 Qh6 27. Qf2 g5 28.
g3 hxg3+ 29. Qxg3 Nh5 30. Qf2 Kh8 31. Rab1 Rab8 32. Rb6 Nf4 33. Nxf4 gxf4 34.
Rg1 Rg8 35. Be2 Rxg1 36. Qxg1 Rg8 37. Qf1 Qh4 38. Rb3 Rg3 39. Rxg3 Qxg3+ 40.
Kh1 Ng5 41. Qg2 Qe1+ 42. Kh2 f6 43. Bd3 f3 44. Qg4 Qd2+ 45. Kh1 Qxd3 46. h4
Qxe4 47. Qh5+ Kg7 0-1

[Event "45th IT Bosna 2015"]
[Site "Sarajevo"]
[Date "2015.06.04"]
[Round "8.56"]
[White "Mahmutbegovic, Muharem"]
[Black "Strinic, Hamdija"]
[Result "1-0"]
[WhiteElo "1856"]
[BlackElo "1690"]
[PlyCount "43"]
[EventDate "2015.05.30"]

1. e4 e5 2. Nf3 Nc6 3. Bb5 a6 4. Ba4 Bc5 5. O-O Nge7 6. c3 b5 7. Bb3 d6 8. Ng5
d5 9. exd5 Na5 10. Bc2 Bb6 11. Qh5 g6 12. Qh6 Ng8 13. Qg7 Qf6 14. Qxf6 Nxf6 15.
Re1 Ng4 16. d4 h6 17. Nf3 f5 18. h3 Nf6 19. Nxe5 Rg8 20. Nxg6+ Kd8 21. Ne7 Ne4
22. Nxg8 1-0

[Event "45th IT Bosna 2015"]
[Site "Sarajevo"]
[Date "2015.06.05"]
[Round "9.2"]
[White "Savic, Miodrag R"]
[Black "Kozul, Zdenko"]
[Result "0-1"]
[WhiteElo "2509"]
[BlackElo "2620"]
[PlyCount "148"]
[EventDate "2015.05.30"]

1. e4 c5 2. c3 Nf6 3. e5 Nd5 4. Nf3 e6 5. d4 cxd4 6. cxd4 d6 7. Bc4 Be7 8. O-O
O-O 9. Re1 a6 10. exd6 Qxd6 11. Nc3 Nc6 12. Bb3 Rd8 13. Nxd5 exd5 14. Ne5 Nxe5
15. Bf4 Be6 16. Bxe5 Qb6 17. Qd3 Bd6 18. Bxd6 Rxd6 19. Rac1 Rc6 20. Rxc6 Qxc6
21. Qc3 Qxc3 22. bxc3 Kf8 23. Kf1 Rd8 24. Ke2 Ke7 25. Kd2 Kd6 26. Bc2 g5 27.
Rb1 Kc7 28. Rh1 h6 29. h4 Kd6 30. hxg5 hxg5 31. Bd3 Ke7 32. a4 a5 33. Rb1 Rb8
34. Bb5 b6 35. Rh1 Kf6 36. g3 Rd8 37. Rh6+ Kg7 38. Rh5 Kg6 39. Rh1 g4 40. Bd3+
Kg5 41. Rb1 Rd6 42. Rh1 Bd7 43. Bb5 Bxb5 44. axb5 Rf6 45. Ke2 Rf3 46. Rh8 Rxc3
47. Rb8 Rb3 48. Rxb6 Kf5 49. Rb7 f6 50. Kd2 Ke4 51. Kc2 Rb4 52. b6 Kf3 53. Rd7
Kxf2 54. Rxd5 Kxg3 55. Rxa5 Kf4 56. Ra1 Rxb6 57. Kd3 f5 58. Rf1+ Kg5 59. d5 g3
60. Kd4 f4 61. Ke4 Rb4+ 62. Kf3 Rb3+ 63. Kg2 Rd3 64. Kh3 Rd2 65. Rh1 Kf5 66. d6
Rxd6 67. Rb1 Rh6+ 68. Kg2 Kg4 69. Kg1 Re6 70. Rb4 Ra6 71. Kf1 Ra1+ 72. Kg2 Ra2+
73. Kg1 Kh3 74. Rxf4 Ra1+ 0-1

[Event "45th IT Bosna 2015"]
[Site "Sarajevo"]
[Date "2015.06.05"]
[Round "9.3"]
[White "Jovanovic, Zoran"]
[Black "Nikolic, Predrag"]
[Result "0-1"]
[WhiteElo "2518"]
[BlackElo "2618"]
[PlyCount "143"]
[EventDate "2015.05.30"]

1. e4 e6 2. d4 d5 3. Nc3 Bb4 4. exd5 exd5 5. Bd3 Ne7 6. Qh5 c5 7. dxc5 Nd7 8.
Nf3 Nxc5 9. Bb5+ Bd7 10. Bxd7+ Qxd7 11. O-O O-O 12. Ne2 Ne4 13. Ng5 h6 14. Nh3
Bc5 15. Qf3 Ng6 16. Nef4 Ne5 17. Qd1 Rad8 18. Nd3 Bd4 19. c3 Nxd3 20. Qxd3 Bb6
21. Be3 Bxe3 22. Qxe3 Qb5 23. Rfb1 Rfe8 24. Nf4 Qc4 25. Qd4 Qxd4 26. cxd4 Nf6
27. f3 Rc8 28. Rc1 Rc4 29. Rxc4 dxc4 30. Kf2 Rd8 31. Ne2 Nd5 32. a3 Rd6 33. Rc1
Rb6 34. Rc2 Kf8 35. Nc3 Nxc3 36. bxc3 Rb3 37. Ke3 Rxa3 38. d5 Ke7 39. Kd4 Kd6
40. Re2 Ra5 41. Re8 Rxd5+ 42. Kxc4 Rf5 43. Rd8+ Kc6 44. Rc8+ Kd7 45. Rb8 Kc7
46. Re8 a5 47. Kb3 b6 48. Re7+ Kd6 49. Rb7 Kc6 50. Ra7 g6 51. Kc2 h5 52. h4 Kb5
53. Kb3 Rf4 54. Re7 a4+ 55. Ka3 Rc4 56. Re5+ Ka6 57. Re7 Ka5 58. Kb2 Rxh4 59.
Rxf7 Rh2 60. Ka3 Rxg2 61. c4 b5 62. cxb5 Kxb5 63. Rb7+ Kc6 64. Rf7 Kd5 65. Kxa4
Ke6 66. Rf8 Rg5 67. Kb4 Rf5 68. Re8+ Kf6 69. Kc4 Kg5 70. Re3 Kf4 71. Kd3 Re5
72. Kd4 0-1

[Event "45th IT Bosna 2015"]
[Site "Sarajevo"]
[Date "2015.06.05"]
[Round "9.4"]
[White "Palac, Mladen"]
[Black "Kurajica, Bojan"]
[Result "1-0"]
[WhiteElo "2561"]
[BlackElo "2518"]
[PlyCount "69"]
[EventDate "2015.05.30"]

1. e4 c5 2. Nf3 Nc6 3. d4 cxd4 4. Nxd4 Qb6 5. Nb3 Nf6 6. Nc3 e6 7. Qe2 Bb4 8.
Bd2 O-O 9. a3 Bxc3 10. Bxc3 e5 11. O-O-O Qc7 12. g4 d6 13. g5 Ne8 14. h4 Rb8
15. Rg1 a5 16. Qd2 b6 17. Kb1 Be6 18. Rg3 f6 19. Bb5 fxg5 20. hxg5 Rc8 21. Nc1
Qf7 22. f3 g6 23. Qh2 Qe7 24. Qd2 Na7 25. Be2 Qc7 26. Rf1 Qf7 27. f4 Qc7 28.
Rgf3 Bg4 29. R3f2 Bh3 30. Qd5+ Rf7 31. Rh1 Qd7 32. f5 Rc5 33. Qd3 Bxf5 34. exf5
Rxf5 35. Bg4 1-0

[Event "45th IT Bosna 2015"]
[Site "Sarajevo"]
[Date "2015.06.05"]
[Round "9.5"]
[White "Dizdarevic, Emir"]
[Black "Jakovljevic, Vlado"]
[Result "1/2-1/2"]
[WhiteElo "2546"]
[BlackElo "2393"]
[PlyCount "100"]
[EventDate "2015.05.30"]

1. Nf3 Nf6 2. c4 c6 3. Nc3 d5 4. e3 e6 5. Be2 Bd6 6. d4 Nbd7 7. O-O O-O 8. b3
Re8 9. Bb2 a6 10. Qc2 b5 11. a3 bxc4 12. bxc4 dxc4 13. Na4 Nb6 14. Rab1 Nfd7
15. Nxb6 Nxb6 16. Bxc4 Nxc4 17. Qxc4 Bd7 18. Ne5 Bxe5 19. dxe5 c5 20. Qxc5 Rc8
21. Qd6 Bb5 22. Qxd8 Rexd8 23. Rfc1 Bd3 24. Ra1 Rxc1+ 25. Rxc1 Rb8 26. Rc3 Bb5
27. h3 h5 28. Rb3 Rc8 29. Bd4 Rc2 30. Bb6 Kh7 31. Rb4 Rc4 32. Rb2 Rc3 33. Ra2
Bc4 34. Ra1 Rc2 35. Bc5 Kg6 36. Bf8 f6 37. exf6 gxf6 38. Rd1 Bd5 39. Rb1 Rc8
40. Bb4 f5 41. Bd6 Kf6 42. Kh2 Rc6 43. Bb4 Rc2 44. Kg1 Rc8 45. Kf1 Rc2 46. a4
Bc6 47. a5 Bd5 48. Bd6 Be4 49. Rd1 Rb2 50. Bc5 Rb1 1/2-1/2

[Event "45th IT Bosna 2015"]
[Site "Sarajevo"]
[Date "2015.06.05"]
[Round "9.6"]
[White "Kadric, Denis"]
[Black "Antipov, Mikhail Al"]
[Result "1/2-1/2"]
[WhiteElo "2493"]
[BlackElo "2523"]
[PlyCount "118"]
[EventDate "2015.05.30"]

1. e4 c5 2. Nc3 Nc6 3. Nge2 d6 4. d4 cxd4 5. Nxd4 Nf6 6. Bc4 Qb6 7. Nb3 e6 8.
O-O Be7 9. Bd3 a6 10. Be3 Qc7 11. f4 b5 12. Qf3 Bb7 13. Qh3 h5 14. Kh1 Nb4 15.
a3 Nxd3 16. cxd3 Ng4 17. Bg1 Rc8 18. Qg3 f5 19. Nd4 Qd7 20. Rae1 h4 21. Qh3 Kf7
22. Nd5 Bxd5 23. exd5 exd5 24. Qf3 Nf6 25. Ne6 Ne4 26. dxe4 Qxe6 27. exd5 Qg6
28. Re6 Qh5 29. Qe3 Rc7 30. h3 Rhc8 31. Re1 Bf8 32. Qb6 g5 33. fxg5 Qxg5 34.
Qe3 Qxe3 35. Bxe3 Rc2 36. Rf1 Kg8 37. Rxf5 Re2 38. Rg6+ Kh7 39. Rg4 Rxe3 40.
Rh5+ Bh6 41. Rgxh4 Rc2 42. Rxh6+ Kg7 43. Rxd6 Rg3 44. Rg4+ Rxg4 45. hxg4 a5 46.
b3 Rc3 47. Ra6 Rxb3 48. Rxa5 Rd3 49. Rxb5 Rxa3 50. Kh2 Rd3 51. Rb7+ Kf6 52. Rd7
Kg5 53. Rd8 Kxg4 54. d6 Kf5 55. g3 Kf6 56. Kh3 Rd4 57. g4 Rd3+ 58. Kh4 Kg6 59.
Rd7 Kh6 1/2-1/2

[Event "45th IT Bosna 2015"]
[Site "Sarajevo"]
[Date "2015.06.05"]
[Round "9.7"]
[White "Popovic, Dusan"]
[Black "Stojanovic, Dalibor"]
[Result "1-0"]
[WhiteElo "2492"]
[BlackElo "2498"]
[PlyCount "79"]
[EventDate "2015.05.30"]

1. e4 e5 2. Nf3 Nc6 3. Bb5 Nf6 4. d3 d6 5. O-O g6 6. d4 Bd7 7. d5 Ne7 8. Bxd7+
Nxd7 9. Be3 Bg7 10. c4 h6 11. Ne1 f5 12. f3 O-O 13. Nd3 Nf6 14. Nc3 f4 15. Bf2
g5 16. c5 Ng6 17. a4 h5 18. c6 b6 19. a5 Rb8 20. axb6 axb6 21. Ra7 g4 22. Nb5
Rf7 23. Qe2 g3 24. hxg3 fxg3 25. Bxg3 h4 26. Bh2 Nh5 27. f4 Nhxf4 28. Nxf4 Nxf4
29. Qg4 Qc8 30. Qxc8+ Rxc8 31. Bxf4 exf4 32. Rfa1 f3 33. gxf3 Rxf3 34. Ra8 Rxa8
35. Rxa8+ Kh7 36. Nxc7 Rg3+ 37. Kh2 Be5 38. Re8 Bf4 39. Rf8 Rf3+ 40. Rxf4 1-0

[Event "45th IT Bosna 2015"]
[Site "Sarajevo"]
[Date "2015.06.05"]
[Round "9.8"]
[White "Heberla, Bartlomiej"]
[Black "Markus, Robert"]
[Result "1-0"]
[WhiteElo "2556"]
[BlackElo "2628"]
[PlyCount "69"]
[EventDate "2015.05.30"]

1. e4 c5 2. Nf3 e6 3. d4 cxd4 4. Nxd4 a6 5. Be2 Nf6 6. Nc3 Qc7 7. O-O Bc5 8.
Kh1 Nc6 9. Nxc6 bxc6 10. f4 d5 11. e5 Nd7 12. Na4 Ba7 13. c4 Nc5 14. Bd2 Ne4
15. Be1 O-O 16. Rc1 Qe7 17. Bd3 Bb7 18. c5 f5 19. exf6 Qxf6 20. Bxe4 dxe4 21.
Bc3 Qg6 22. Qb3 Rf7 23. Be5 a5 24. Rfd1 Ba6 25. Rd6 Re8 26. Rxc6 Bd3 27. Rd6
Bb8 28. Re1 Bxd6 29. cxd6 Rc8 30. Nc3 h6 31. Re3 Rc5 32. Rg3 Qh5 33. d7 Qxe5
34. d8=Q+ Kh7 35. Qbb8 1-0

[Event "45th IT Bosna 2015"]
[Site "Sarajevo"]
[Date "2015.06.05"]
[Round "9.9"]
[White "Kovacevic, Aleksandar"]
[Black "Gazik, Igor"]
[Result "1-0"]
[WhiteElo "2486"]
[BlackElo "2320"]
[PlyCount "86"]
[EventDate "2015.05.30"]

1. e4 c5 2. Nf3 d6 3. d4 cxd4 4. Nxd4 Nf6 5. Nc3 g6 6. Be3 Bg7 7. f3 Nc6 8. Qd2
O-O 9. O-O-O d5 10. exd5 Nxd5 11. Nxc6 bxc6 12. Bd4 Bxd4 13. Qxd4 Qb6 14. Na4
Qc7 15. Bc4 Rb8 16. Nc5 e5 17. Qf2 Qb6 18. Bb3 a5 19. Rd2 Bf5 20. g4 Bc8 21.
Re1 Qc7 22. Bxd5 cxd5 23. Rxd5 a4 24. Rdxe5 Bb7 25. Nxa4 Qc4 26. b3 Qf4+ 27.
Qe3 Qxh2 28. Nc5 Bc6 29. f4 Rb4 30. Nd3 Rbb8 31. Kb2 Ra8 32. Re7 Rfc8 33. Re2
Qh1 34. Ne5 Bd5 35. Ra7 Be6 36. Rxa8 Rxa8 37. f5 Bd5 38. Nd7 Qh4 39. Qd4 Bf3
40. Re3 Bh1 41. Qe5 Qh6 42. Nf6+ Kf8 43. g5 Qxg5 1-0

[Event "45th IT Bosna 2015"]
[Site "Sarajevo"]
[Date "2015.06.05"]
[Round "9.10"]
[White "Sutkovic, Damir"]
[Black "Kosic, Dragan"]
[Result "0-1"]
[WhiteElo "2320"]
[BlackElo "2482"]
[PlyCount "60"]
[EventDate "2015.05.30"]

1. d4 Nf6 2. Bf4 e6 3. e3 d5 4. Nc3 Bd6 5. g4 Bxf4 6. exf4 Nc6 7. Bg2 Qd6 8. g5
Ng8 9. Qd2 a6 10. Nf3 Nge7 11. O-O-O Bd7 12. Ne5 Nxe5 13. fxe5 Qb6 14. h4 O-O-O
15. h5 h6 16. f4 Kb8 17. Ne2 Rc8 18. Rh3 c5 19. Rb3 Qa7 20. Ng3 cxd4 21. Qxd4
Qxd4 22. Rxd4 hxg5 23. fxg5 Nc6 24. Rf4 Nxe5 25. Re3 Nc4 26. Ref3 Nd6 27. Rxf7
Nxf7 28. Rxf7 Be8 29. Re7 Bxh5 30. Rxe6 Bg4 0-1

[Event "45th IT Bosna 2015"]
[Site "Sarajevo"]
[Date "2015.06.05"]
[Round "9.11"]
[White "Gazik, Viktor"]
[Black "Popovic, Zoran"]
[Result "1-0"]
[WhiteElo "2445"]
[BlackElo "2309"]
[PlyCount "71"]
[EventDate "2015.05.30"]

1. f4 g6 2. Nf3 Bg7 3. g3 d5 4. Bg2 Nh6 5. O-O O-O 6. c3 Bf5 7. h3 c6 8. d3 f6
9. Qe1 Bc8 10. e4 dxe4 11. dxe4 Nf7 12. e5 fxe5 13. fxe5 Be6 14. Bf4 Qb6+ 15.
Rf2 Nd7 16. Nd4 c5 17. Nxe6 Qxe6 18. Nd2 g5 19. Be3 Qxe5 20. Ne4 h6 21. Rd1
Rad8 22. g4 Qc7 23. Rfd2 b6 24. h4 Nde5 25. Rxd8 Rxd8 26. Rxd8+ Qxd8 27. hxg5
Nxg4 28. Bc1 h5 29. Ng3 Qd6 30. Nf5 Qh2+ 31. Kf1 e5 32. Qe4 Bf8 33. g6 Nfh6 34.
Qd5+ Kh8 35. Qd8 Kg8 36. g7 1-0

[Event "45th IT Bosna 2015"]
[Site "Sarajevo"]
[Date "2015.06.05"]
[Round "9.12"]
[White "Nestorovic, Dejan"]
[Black "Mestrovic, Zvonimir"]
[Result "1-0"]
[WhiteElo "2425"]
[BlackElo "2278"]
[PlyCount "49"]
[EventDate "2015.05.30"]

1. d4 Nc6 2. Nf3 d6 3. c4 e5 4. d5 Nce7 5. e4 Nf6 6. Nc3 Ng6 7. g3 Bd7 8. h4
Be7 9. h5 Nf8 10. h6 g6 11. Be2 Bc8 12. Ng5 N8d7 13. f4 O-O 14. Be3 Ne8 15. Qd2
exf4 16. gxf4 Bxg5 17. fxg5 c5 18. dxc6 bxc6 19. c5 Ne5 20. O-O-O Be6 21. cxd6
Qa5 22. Qd4 f6 23. Rhf1 Nf7 24. d7 Nc7 25. Rxf6 1-0

[Event "45th IT Bosna 2015"]
[Site "Sarajevo"]
[Date "2015.06.05"]
[Round "9.13"]
[White "Ivanov, Mikhail M"]
[Black "Jusic, Zdenko"]
[Result "1-0"]
[WhiteElo "2384"]
[BlackElo "2283"]
[PlyCount "45"]
[EventDate "2015.05.30"]

1. d4 e6 2. c4 Bb4+ 3. Nc3 Bxc3+ 4. bxc3 f5 5. e3 Nf6 6. Bd3 c5 7. Ne2 b6 8.
O-O Nc6 9. f3 d6 10. e4 fxe4 11. fxe4 e5 12. d5 Na5 13. Bg5 O-O 14. Ng3 h6 15.
Bd2 Qe8 16. h3 Kh7 17. Rf3 Qg6 18. Qe2 Bxh3 19. gxh3 Nh5 20. Kh2 Rxf3 21. Qxf3
Qxg3+ 22. Qxg3 Nxg3 23. Kxg3 1-0

[Event "45th IT Bosna 2015"]
[Site "Sarajevo"]
[Date "2015.06.05"]
[Round "9.14"]
[White "Djoric, Dusan"]
[Black "Vajic, Goran"]
[Result "1/2-1/2"]
[WhiteElo "2268"]
[BlackElo "2379"]
[PlyCount "65"]
[EventDate "2015.05.30"]

1. c4 e5 2. Nc3 Bb4 3. Qc2 Nc6 4. e3 Bxc3 5. Qxc3 d6 6. b4 Nf6 7. a3 O-O 8. Bb2
Bg4 9. Be2 Qd7 10. d3 Bxe2 11. Nxe2 Qg4 12. Ng3 Ne7 13. Qc2 h5 14. Qe2 Qg6 15.
h4 Ng4 16. O-O-O f5 17. Nf1 a5 18. b5 c6 19. a4 cxb5 20. axb5 Qe6 21. f3 Nf6
22. Kd2 b6 23. Ke1 d5 24. Nd2 Ng6 25. g3 Rae8 26. cxd5 Nxd5 27. e4 Nb4 28. exf5
Rxf5 29. Ne4 Rc8 30. Rc1 Rff8 31. Ng5 Qd6 32. Kf2 Qc5+ 33. d4 1/2-1/2

[Event "45th IT Bosna 2015"]
[Site "Sarajevo"]
[Date "2015.06.05"]
[Round "9.15"]
[White "Markoja, Boris"]
[Black "Mrndjic, Muamer"]
[Result "1-0"]
[WhiteElo "2372"]
[BlackElo "2263"]
[PlyCount "73"]
[EventDate "2015.05.30"]

1. c4 e5 2. g3 Nf6 3. Bg2 d5 4. cxd5 Nxd5 5. Nc3 Nb6 6. Nf3 Nc6 7. O-O Be7 8.
a3 O-O 9. b4 Re8 10. d3 Bf8 11. Nd2 a5 12. b5 Nd4 13. e3 Ne6 14. Nf3 Nc5 15. d4
exd4 16. exd4 Ncd7 17. Bg5 Nf6 18. Ne5 h6 19. Bxf6 Qxf6 20. Re1 Qd8 21. Qh5 Re7
22. Rad1 Rb8 23. Be4 Qe8 24. Re3 Be6 25. Rde1 f5 26. Ng6 fxe4 27. Rxe4 Rd7 28.
Rxe6 Qf7 29. Qg4 Bxa3 30. R1e4 Bd6 31. f4 Rbd8 32. f5 Kh7 33. Re2 a4 34. Ne4
Nd5 35. Ng5+ Kg8 36. Nxf7 Kxf7 37. Qh5 1-0

[Event "45th IT Bosna 2015"]
[Site "Sarajevo"]
[Date "2015.06.05"]
[Round "9.16"]
[White "Burovic, Ismet"]
[Black "Petrovic, Marija"]
[Result "1/2-1/2"]
[WhiteElo "2354"]
[BlackElo "2049"]
[PlyCount "120"]
[EventDate "2015.05.30"]

1. e4 g6 2. f4 d5 3. d3 dxe4 4. dxe4 Qxd1+ 5. Kxd1 Bg4+ 6. Be2 Bxe2+ 7. Kxe2
Nc6 8. Nf3 O-O-O 9. c3 e6 10. Be3 h6 11. Nbd2 Nf6 12. h3 Be7 13. g4 a5 14. a4
Nd7 15. Nb3 b6 16. Rad1 Nf6 17. Nfd2 h5 18. g5 Ne8 19. Nc4 Nd6 20. Nxd6+ Rxd6
21. Rxd6 Bxd6 22. Nd2 Be7 23. Nc4 Rd8 24. Rf1 Kd7 25. f5 exf5 26. exf5 gxf5 27.
Rxf5 Ke6 28. Rf1 h4 29. Bf4 Rd7 30. Kf3 Kf5 31. Ne3+ Kg6 32. Kg4 f6 33. gxf6
Bxf6 34. Nf5 Ne5+ 35. Bxe5 Bxe5 36. Nxh4+ Kg7 37. Nf3 Bf6 38. h4 Rd5 39. Rf2 b5
40. Rd2 Rc5 41. axb5 Rxb5 42. Rd7+ Kg8 43. Rxc7 Rxb2 44. Kf5 Bg7 45. Ng5 Rb5+
46. Ke4 a4 47. Rc8+ Bf8 48. Ne6 Kf7 49. Nxf8 Ra5 50. Rb8 a3 51. Rb1 a2 52. Ra1
Kxf8 53. Kd3 Ke7 54. Kc2 Ra4 55. Kb3 Rxh4 56. Rxa2 Kd6 57. c4 Kc5 58. Ra5+ Kb6
59. Rb5+ Kc6 60. Ra5 Rh1 1/2-1/2

[Event "45th IT Bosna 2015"]
[Site "Sarajevo"]
[Date "2015.06.05"]
[Round "9.17"]
[White "Hadzovic, Amir"]
[Black "Arapovic, Vitomir"]
[Result "0-1"]
[WhiteElo "2218"]
[BlackElo "2347"]
[PlyCount "90"]
[EventDate "2015.05.30"]

1. e4 g6 2. Nc3 Bg7 3. f4 d6 4. Nf3 c5 5. Bc4 e6 6. O-O Ne7 7. d3 O-O 8. Qe1
Nbc6 9. Qh4 Nd4 10. Nxd4 cxd4 11. Ne2 d5 12. Bb3 dxe4 13. dxe4 Nc6 14. Qh3 Na5
15. Qd3 b6 16. Bd2 Nxb3 17. axb3 a5 18. b4 Bb7 19. Ng3 axb4 20. Bxb4 Rxa1 21.
Rxa1 Re8 22. Rd1 f5 23. e5 Qd5 24. Qf3 g5 25. Qxd5 Bxd5 26. Nh5 Rc8 27. Nxg7
Kxg7 28. fxg5 Rxc2 29. Rd2 Rc4 30. Be7 Be4 31. Kf2 d3 32. Bd8 b5 33. Ke3 Rc1
34. Be7 Kg6 35. Bd8 Re1+ 36. Kf2 Rh1 37. h3 f4 38. Ba5 Kxg5 39. Bc3 Kf5 40. b3
Rb1 41. Bb2 h5 42. b4 h4 43. Bc3 Rb3 44. Bd4 Rxb4 45. Bc5 Rc4 0-1

[Event "45th IT Bosna 2015"]
[Site "Sarajevo"]
[Date "2015.06.05"]
[Round "9.19"]
[White "Miladinovic, Zlatko"]
[Black "Marjanovic, Dejan"]
[Result "0-1"]
[WhiteElo "2029"]
[BlackElo "2340"]
[PlyCount "46"]
[EventDate "2015.05.30"]

1. d4 Nf6 2. Nf3 g6 3. c4 Bg7 4. Nc3 O-O 5. e4 d6 6. b3 Bg4 7. h3 Bxf3 8. gxf3
Nfd7 9. Bb2 Nc6 10. Nd5 e6 11. Ne3 e5 12. d5 Nd4 13. Nc2 f5 14. Be2 fxe4 15.
fxe4 Qh4 16. Rf1 Qxe4 17. Ne3 Nc5 18. Qb1 Qh4 19. b4 Nxe2 20. bxc5 Nf4 21. Qe4
Qh5 22. Nd1 Qxh3 23. Rh1 Ng2+ 0-1

[Event "45th IT Bosna 2015"]
[Site "Sarajevo"]
[Date "2015.06.05"]
[Round "9.20"]
[White "Trkulja, Goran"]
[Black "Alic, Amir"]
[Result "1/2-1/2"]
[WhiteElo "2324"]
[BlackElo "1964"]
[PlyCount "86"]
[EventDate "2015.05.30"]

1. e4 e5 2. d4 exd4 3. Qxd4 Nf6 4. Bd2 Nc6 5. Qe3 Bb4 6. a3 Bxd2+ 7. Nxd2 O-O
8. O-O-O d5 9. exd5 Nxd5 10. Qg3 Qe7 11. Ngf3 Bf5 12. Nb3 Rad8 13. Bd3 Qf6 14.
Rhe1 Bxd3 15. Rxd3 Nf4 16. Rxd8 Rxd8 17. Re4 Qd6 18. Nfd2 Ne6 19. Qxd6 Rxd6 20.
Nc4 Rd5 21. f4 Kf8 22. g4 Ncd4 23. Nxd4 Rxd4 24. Rxd4 Nxd4 25. Kd2 Nf3+ 26. Ke2
Nxh2 27. Ne3 f5 28. gxf5 Kf7 29. Kf2 h5 30. Kg3 Ng4 31. Nxg4 hxg4 32. Kxg4 Kf6
33. b3 b5 34. c4 bxc4 35. bxc4 a6 36. c5 c6 37. a4 a5 38. Kf3 Kxf5 39. Ke3 Kf6
40. Ke4 g6 41. Ke3 Ke7 42. Ke4 Kf6 43. Ke3 Ke7 1/2-1/2

[Event "45th IT Bosna 2015"]
[Site "Sarajevo"]
[Date "2015.06.05"]
[Round "9.21"]
[White "Kuzmanovic, Aleksa"]
[Black "Burovic, Rijad"]
[Result "0-1"]
[WhiteElo "2062"]
[BlackElo "2330"]
[PlyCount "80"]
[EventDate "2015.05.30"]

1. d4 Nf6 2. Bf4 g6 3. Nc3 d5 4. Nf3 Bg7 5. Qd2 h6 6. O-O-O g5 7. Bg3 Nh5 8.
Be5 f6 9. Bg3 Nxg3 10. hxg3 Bf5 11. e3 c6 12. Bd3 Bxd3 13. Qxd3 O-O 14. Qf5 Qc8
15. g4 e6 16. Qg6 Qe8 17. Qxe8 Rxe8 18. Ne2 Nd7 19. Ng3 Rf8 20. Nh5 f5 21. Nh2
Nf6 22. Nxg7 Kxg7 23. gxf5 exf5 24. f3 Rae8 25. Rd3 Re7 26. Re1 Rfe8 27. Nf1
Kg6 28. Kd2 Nh5 29. g3 Nf6 30. Ke2 h5 31. Nd2 g4 32. f4 h4 33. gxh4 Rh8 34. Rh1
Reh7 35. Kf2 Rxh4 36. Rxh4 Rxh4 37. Nf1 Ne4+ 38. Kg2 Rh3 39. c4 dxc4 40. Ra3
Rf3 0-1

[Event "45th IT Bosna 2015"]
[Site "Sarajevo"]
[Date "2015.06.05"]
[Round "9.22"]
[White "Dedebas, Emre Emin"]
[Black "Vea, Odin Blikra"]
[Result "1/2-1/2"]
[WhiteElo "2036"]
[BlackElo "2234"]
[PlyCount "30"]
[EventDate "2015.05.30"]

1. d4 d5 2. c4 Nc6 3. cxd5 Qxd5 4. e3 e5 5. Nc3 Bb4 6. Bd2 Bxc3 7. bxc3 Nf6 8.
f3 Qd6 9. Bd3 O-O 10. Ne2 Be6 11. O-O Rad8 12. Qc1 Rfe8 13. Be1 a6 14. Bf2 Bc8
15. a4 b5 1/2-1/2

[Event "45th IT Bosna 2015"]
[Site "Sarajevo"]
[Date "2015.06.05"]
[Round "9.24"]
[White "Szostko, Jakub"]
[Black "Jovovic, Milan"]
[Result "1-0"]
[WhiteElo "2153"]
[BlackElo "1991"]
[PlyCount "75"]
[EventDate "2015.05.30"]

1. e4 c5 2. Nf3 d6 3. d4 cxd4 4. Nxd4 Nf6 5. Nc3 a6 6. Bg5 e6 7. f4 Nbd7 8. Qe2
Be7 9. O-O-O O-O 10. g4 b5 11. Nc6 Qe8 12. Nxe7+ Qxe7 13. e5 Bb7 14. Bxf6 gxf6
15. exd6 Qd8 16. Bg2 Bxg2 17. Qxg2 Qb6 18. Ne4 Qe3+ 19. Kb1 Qxf4 20. g5 Kh8 21.
Rhf1 Qh4 22. Nxf6 Rad8 23. Rd3 Nxf6 24. gxf6 Rg8 25. Qd2 Rd7 26. a3 Qc4 27. Rd1
Qh4 28. Qc3 Rgd8 29. Qe5 Rg8 30. Rg3 Rg6 31. Rxg6 hxg6 32. Rd4 Qh5 33. Qg3 Kg8
34. Qc3 Kh7 35. Qc8 e5 36. Qxd7 exd4 37. Qxf7+ Kh6 38. d7 1-0

[Event "45th IT Bosna 2015"]
[Site "Sarajevo"]
[Date "2015.06.05"]
[Round "9.25"]
[White "Obad, Andrija"]
[Black "Gavranovic, Tahir"]
[Result "1-0"]
[WhiteElo "2074"]
[BlackElo "1889"]
[PlyCount "55"]
[EventDate "2015.05.30"]

1. e4 g6 2. d4 Bg7 3. Nc3 d6 4. f4 c6 5. Nf3 Bg4 6. Be3 Nd7 7. h3 Bxf3 8. Qxf3
Qa5 9. O-O-O Ngf6 10. Kb1 Rc8 11. g4 Nb6 12. Bd2 Na4 13. Nd5 Qd8 14. Nxf6+ Bxf6
15. e5 Bg7 16. Qa3 b5 17. Bg2 O-O 18. h4 Qc7 19. h5 Nb6 20. hxg6 Nc4 21. Qh3
Nxd2+ 22. Rxd2 h6 23. g5 fxg6 24. gxh6 Bxe5 25. fxe5 dxe5 26. Qe6+ Kh7 27. dxe5
Rcd8 28. Be4 1-0

[Event "45th IT Bosna 2015"]
[Site "Sarajevo"]
[Date "2015.06.05"]
[Round "9.26"]
[White "Bucevac, Ljubisa"]
[Black "Bistric, Faruk"]
[Result "1/2-1/2"]
[WhiteElo "2031"]
[BlackElo "2370"]
[PlyCount "86"]
[EventDate "2015.05.30"]

1. e4 c5 2. Nc3 h6 3. Bc4 e6 4. Nf3 a6 5. d4 b5 6. Bd3 c4 7. Be2 Bb7 8. d5 Nf6
9. dxe6 dxe6 10. Qxd8+ Kxd8 11. e5 Ne4 12. O-O Nd7 13. Be3 Nxc3 14. bxc3 Nc5
15. Rfd1+ Kc7 16. Rd4 Be7 17. Rf4 Rhf8 18. Rg4 g5 19. h4 Rad8 20. hxg5 Bxf3 21.
Bxf3 hxg5 22. Kf1 Rg8 23. a4 Nxa4 24. Rxa4 bxa4 25. Rxc4+ Kd7 26. Bc6+ Kc7 27.
Be8+ Kb8 28. Bxf7 a3 29. Ra4 Rh8 30. Ke2 Rh6 31. f4 Rh2 32. Kf3 g4+ 33. Kg3
Rdh8 34. Bxe6 Bh4+ 35. Kxg4 Rxg2+ 36. Kf5 Bf2 37. Bxf2 Rxf2 38. Kf6 Rf8+ 39.
Ke7 R8xf4 40. Rxa3 Re2 41. c4 Kb7 42. Kd6 Rfe4 43. Rb3+ Ka7 1/2-1/2

[Event "45th IT Bosna 2015"]
[Site "Sarajevo"]
[Date "2015.06.05"]
[Round "9.27"]
[White "Marinc, Damir"]
[Black "Zildzic, Kenan"]
[Result "0-1"]
[WhiteElo "2021"]
[BlackElo "2181"]
[PlyCount "98"]
[EventDate "2015.05.30"]

1. d4 Nf6 2. c4 g6 3. Nc3 Bg7 4. e4 d6 5. f3 O-O 6. Be3 c5 7. dxc5 dxc5 8. Qxd8
Rxd8 9. Bxc5 Nc6 10. Rd1 Nd7 11. Ba3 a5 12. Nd5 Kf8 13. Nh3 Nb4 14. Nb6 Rb8 15.
Bxb4 axb4 16. b3 Ke8 17. Nxc8 Bc3+ 18. Kf2 Rbxc8 19. Bd3 Nc5 20. Bb1 Ne6 21.
Rd5 Nd4 22. Rd1 b5 23. Rxd8+ Rxd8 24. cxb5 Nxb5 25. Rxd8+ Kxd8 26. Ng5 Bd4+ 27.
Kg3 Ke8 28. Bd3 Nc3 29. f4 e5 30. Nf3 exf4+ 31. Kxf4 Bb6 32. Ke5 Ke7 33. Kf4
Nxa2 34. Bc4 Nc3 35. h3 Nd1 36. g4 Bc7+ 37. Kg5 Nf2 38. e5 Nxh3+ 39. Kh6 Nf2
40. g5 Ng4+ 41. Kxh7 Bxe5 42. Nxe5 Nxe5 43. Bd5 f5 44. Kg7 f4 45. Bb7 f3 46.
Be4 Ke6 47. Bb7 Kf5 48. Kh6 f2 49. Bg2 Ng4+ 0-1